[Event "Tourn. n8371"]
[Site "www.chess-mail.com"]
[Date "2015.10.07"]
[Round "1"]
[White "Passaroa25"]
[Black "Gatrooper"]
[WhiteElo "1670"]
[BlackElo "1450"]
[Result "0-1"]
[Round "1"]
1.e4 e5
2.Ng1e2 d6
3.Ne2g3 a6
4.c3 h6
5.d3 Ng8f6
6.f3 Nb8c6
7.Nb1d2 Bc8d7
8.Bf1e2 d5
9.Nd2b3 Bf8e7
10.Bc1d2 Bd7e6
11.O-O d4
12.Kh1 Be6xb3
13.Qd1xb3 b5
14.Qb3c2 dxc3
15.bxc3 b4
16.Qc2a4 O-O
17.Qa4xc6 a5
18.Qc6a4 Nf6h7
19.c4 c5
20.Ng3f5 Be7f6
21.Bd2e3 g6
22.Nf5xh6 Kh8
23.Be3xc5 Bf6e7
24.Nh6xf7 Rf8xf7
25.Bc5e3 Be7f6
26.Be3f2 Bf6g5
27.Ra1d1 Bg5h6
28.c5 Bh6f8
29.h4 Rf7f4
30.g3 Rf4f6
31.g4 Rf6f7
32.g5 Qd8c8
33.c6 Qc8h3
34.Kg1 Bf8d6
35.Rd1c1 Rf7c7
36.f4 exf4
37.Qa4d1 f3
38.Bf2b6 Qh3h2

0-1

[Event "Tourn. n8374"]
[Site "www.chess-mail.com"]
[Date "2015.10.07"]
[Round "1"]
[White "Osopanda"]
[Black "Culiflori"]
[WhiteElo "1930"]
[BlackElo "1970"]
[Result "0-1"]
[Round "1"]
1.c4 Ng8f6
2.d4 e6
3.Ng1f3 b6
4.Nb1c3 Bc8b7
5.d5 exd5
6.cxd5 Bf8b4
7.d6 Nf6e4
8.Nf3d2 Bb4xc3
9.bxc3 Ne4xd6
10.Nd2f3 O-O
11.Bc1g5 Qd8e8
12.e3 Nd6e4
13.Bg5f4 Ne4xc3
14.Qd1b3 Nc3e4
15.Bf1e2 d6
16.O-O Nb8d7
17.Ra1c1 Ne4c5
18.Qb3b2 Nd7f6
19.Nf3d4 Qe8d7
20.Be2f3 Bb7xf3
21.Nd4xf3 Nc5d3
22.Rc1xc7 Nd3xb2
23.Rc7xd7 Nf6xd7
24.Bf4xd6 Rf8e8
25.Rf1b1 Nb2c4
26.Bd6g3 Nd7f6
27.h3 Ra8d8
28.Nf3d4 Nf6e4
29.Bg3c7 Rd8d7
30.Bc7f4 g5
31.Bf4h2 Re8d8
32.g4 Nc4d2
33.Rb1b5 Rd7d5
34.Rb5xd5 Rd8xd5
35.Kg2 Rd5a5
{ resign }
0-1

[Event "Tourn. n8327"]
[Site "www.chess-mail.com"]
[Date "2015.10.07"]
[Round "1"]
[White "Bira47"]
[Black "Orae"]
[WhiteElo "2050"]
[BlackElo "1940"]
[Result "1-0"]
[Round "1"]
1.b3 e5
2.Bc1b2 Qd8f6
3.Ng1f3 Nb8c6
4.e3 d6
5.Bf1b5 Bc8d7
6.d4 exd4
7.Nf3xd4 a6
8.Bb5xc6 Bd7xc6
9.Qd1g4 Bc6d7
10.Qg4e4 Bf8e7
11.Bb2c3 d5
12.Qe4xd5 Bd7c6
13.Nd4xc6 Qf6g6
14.Nc6e5 Qg6e6
15.Qd5xe6 fxe6
16.Ne5g4 O-O-O
17.Bc3xg7 Be7b4
18.c3 Bb4c5
19.Bg7xh8 Ng8e7
20.Bh8f6 h5
21.Ng4e5 Rd8e8
22.O-O Ne7d5
23.Bf6h4 Bc5d6
24.Ne5c4 b5
25.Nc4xd6 cxd6
26.c4 bxc4
27.bxc4 Nd5b4
28.Nb1d2 Nb4c2
29.Ra1c1 Nc2b4
30.a4 Nb4d3
31.Rc1c3 Nd3b2
32.Rf1c1 Nb2xa4
33.Rc3a3 Na4b6
34.Ra3xa6 Kb7
35.Rc1a1 Kc7
36.Ra6a7 Kc6
37.f4 Re8f8
38.Bh4f2 d5
39.cxd5 exd5
40.g3 Rf8g8
41.e4 Nb6d7
42.exd5 Kd6
43.Ra1a6 Ke7
44.d6 Ke6
45.Nd2f3 Rg8g4
46.Nf3e5 Nd7xe5
47.fxe5 h4
48.d7 Ke7
49.Ra6d6 Rg4g8
50.d8Q { resign }
1-0

[Event "Match"]
[Site "www.echecsemail.com"]
[Date "2015.10.07"]
[Round "1"]
[White "Ditto"]
[Black "Pinehill"]
[WhiteElo "1810"]
[BlackElo "1950"]
[Result "0-1"]
[Round "1"]
1.e4 d5
2.e5 c5
3.Ng1f3 Nb8c6
4.c4 d4
5.d3 Bc8g4
6.Bf1e2 e6
7.Bc1f4 Bf8e7
8.O-O Qd8c7
9.Nb1d2 h5
10.h3 Bg4xf3
11.Be2xf3 Ng8h6
12.Nd2b3 Nh6f5
13.Bf3xh5 g6
14.Bh5f3 O-O-O
15.Rf1e1 Rh8h7
16.a3 g5
17.Bf4h2 Nf5h4
18.Bf3e4 Rh7h8
19.Nb3d2 Nc6xe5
20.Qd1b3 f5
21.Be4f3 Nh4xf3
22.Nd2xf3 Ne5xf3
23.gxf3 Be7d6
24.Bh2xd6 Qc7xd6
25.Kg2 Rh8h4
26.Qb3d1 g4
27.fxg4 fxg4
28.hxg4 Qd6h2
29.Kf1 Rd8f8
30.Qd1d2 Rh4xg4
31.Ke2 Rf8xf2
{ resign }
0-1

[Event "Match"]
[Site "www.echecsemail.com"]
[Date "2015.10.07"]
[Round "1"]
[White "Emerchess"]
[Black "Susov"]
[WhiteElo "1299"]
[BlackElo "1880"]
[Result "1-0"]
[Round "1"]
1.Ng1f3 Nb8c6
2.d4 Ng8f6
3.Bc1g5 Nf6e4
4.Bg5h4 h6
5.e3 g5
6.Bh4g3 d5
7.Bf1d3 Ne4xg3
8.hxg3 Bc8g4
9.Nb1d2 e5
10.Bd3e2 e4
11.Nf3h2 Bg4xe2
12.Qd1xe2 a6
13.O-O-O Bf8d6
14.Nh2g4 Qd8d7
15.Ng4f6 { resign }
1-0

[Event "Match"]
[Site "www.echecsemail.com"]
[Date "2015.10.07"]
[Round "1"]
[White "Hardland"]
[Black "Emerchess"]
[WhiteElo "1710"]
[BlackElo "1299"]
[Result "0-1"]
[Round "1"]
1.c4 Ng8f6
2.Nb1c3 e5
3.Ng1f3 Bf8c5
4.d4 exd4
5.Nf3xd4 O-O
6.e3 d5
7.Nd4b3 Bc5e7
8.cxd5 Be7b4
 { time }
0-1

[Event "Match"]
[Site "www.echecsemail.com"]
[Date "2015.10.07"]
[Round "1"]
[White "Kiki51"]
[Black "Norbos"]
[WhiteElo "1599"]
[BlackElo "1620"]
[Result "1-0"]
[Round "1"]
1.e4 e5
2.Bf1c4 Nb8c6
3.Ng1f3 Ng8f6
4.d3 Qd8e7
5.Bc1g5 h6
6.Bg5c1 d6
7.O-O Bc8g4
8.h3 Bg4xf3
9.Qd1xf3 Nc6d4
10.Qf3d1 b5
11.Bc4b3 a6
12.a3 c5
13.Bb3a2 Qe7b7
14.c3 Nd4e6
15.Nb1d2 Bf8e7
16.Nd2f3 Nf6h5
17.Nf3xe5 dxe5
18.Qd1xh5 g6
19.Qh5e2 c4
20.Ba2b1  { time }
1-0

[Event "Match"]
[Site "www.echecsemail.com"]
[Date "2015.10.07"]
[Round "1"]
[White "Emerchess"]
[Black "Chtoubidou"]
[WhiteElo "1299"]
[BlackElo "1950"]
[Result "1-0"]
[Round "1"]
1.Ng1f3 g6
2.d4 Bf8g7
3.Bc1f4 d6
4.e3 c5
5.c3 Qd8b6
6.Qd1c1 Bc8d7
7.Bf1c4 e6
8.O-O d5
9.Bc4b3 a5
10.Nb1d2 c4
11.Bb3c2 Ng8e7
12.e4 O-O
13.Rf1e1 Nb8c6
14.exd5 exd5
15.Nf3e5 Nc6xe5
16.Bf4xe5 Ne7c6
17.Be5xg7 Kxg7
18.Nd2f3 Rf8e8
19.Ra1b1 Bd7g4
20.Qc1f4 Bg4xf3
21.Qf4xf3 Nc6e7
22.Bc2a4 { resign }
1-0

[Event "Match"]
[Site "www.echecsemail.com"]
[Date "2015.10.07"]
[Round "1"]
[White "Gambitmiau"]
[Black "Darknight"]
[WhiteElo "1820"]
[BlackElo "1650"]
[Result "1-0"]
[Round "1"]
1.e4 e5
2.d4 d6
3.dxe5 a6
4.Bf1c4 h6
5.Bc1f4 b5
6.Bc4xf7 Kxf7
7.Qd1d5 Bc8e6
8.Qd5xa8 d5
9.Nb1c3 Ng8e7
10.exd5 Ne7xd5
11.O-O-O c6
12.Nc3xd5 cxd5
13.Ng1f3 Bf8c5
14.Nf3d4 Rh8g8
15.Qa8b7 Bc5e7
16.Nd4xe6 Kxe6
17.b3 g5
18.Bf4e3 Rg8g7
19.Qb7b6 Kf7
20.e6 Kg8
21.Qb6xd8 Be7xd8
22.Rd1xd5 Bd8e7
23.Be3c5 Be7xc5
24.Rd5xc5 Kh7
25.Rh1d1 Rg7e7
26.Rc5c8 Re7xe6
27.Rc8xb8 Re6e2
28.Rb8b6 Re2e7
29.Rb6xa6 Re7b7
30.Rd1d6 Rb7e7
31.Rd6xh6 Kg7
32.Rh6g6 Kf7
33.Rg6xg5 b4
34.Kd1 Re7d7
35.Kc1 Rd7e7
36.Rg5f5 Ke8
37.f4 Re7e1
38.Kb2 Re1e7
39.Rf5e5 Re7xe5
40.fxe5 Ke7
41.g4 Kf7
42.Ra6f6 Ke7
43.g5 Ke8
44.g6 Ke7
45.g7 { resign }
1-0

[Event "Match"]
[Site "www.echecsemail.com"]
[Date "2015.10.07"]
[Round "1"]
[White "Carazo"]
[Black "Caspito"]
[WhiteElo "1830"]
[BlackElo "1690"]
[Result "1/2-1/2"]
[Round "1"]
1.e4 e5
2.Ng1f3 Nb8c6
3.Bf1c4 h6
4.d4 d6
5.b3 Bc8g4
6.h3 Bg4h5
7.g4 Bh5g6
8.Nb1c3 Ng8f6
9.d5 Nc6a5
10.Bc1b2 Na5xc4
11.bxc4 Bf8e7
12.Qd1d3 O-O
13.O-O-O Nf6d7
14.Bb2a3 a6
15.h4 b6
16.h5 Bg6h7
17.Nf3e1 Qd8c8
18.Ne1f3 c5
19.Rd1g1 Nd7f6
20.Nf3h2 Qc8b7
21.g5 Nf6xh5
22.Qd3e2 Be7xg5
23.Kd1 Bh7g6
24.Nh2f3 Nh5f4
25.Qe2e1 b5
26.Nf3xg5 b4
27.Nc3e2 Nf4xe2
28.Qe1xe2 bxa3
29.Ng5h3 Qb7b1
30.Kd2 Qb1xa2
31.Rg1a1 Qa2b2
32.Rh1b1 Qb2d4
33.Ke1 Qd4xe4
34.Qe2xe4 Bg6xe4
35.Kd2 g5
36.Rb1g1 Be4f3
37.Ra1xa3 Kh7
38.Ra3xf3 f6
39.Rf3b3 Rf8b8
40.Rg1b1 Rb8xb3
41.Rb1xb3 a5
42.Rb3b7 Kg6
43.Rb7d7 Ra8a6
44.Kc1 h5
45.Kb2 h4
46.Ka3 g4
47.Nh3g1 h3
48.Ng1e2 f5
49.Ka4 f4
50.Kb5 h2
{ draw }
1/2-1/2

[Event "Match"]
[Site "www.echecsemail.com"]
[Date "2015.10.07"]
[Round "1"]
[White "Anquiro"]
[Black "Daviko"]
[WhiteElo "1289"]
[BlackElo "1099"]
[Result "1-0"]
[Round "1"]
1.c4 c5
2.d3 Ng8f6
3.Bc1f4 e5
4.Bf4g5 d5
5.Nb1a3 dxc4
6.dxc4 Qd8a5
7.Qd1d2 Qa5a4
8.Ng1f3 Nb8d7
9.b3 Qa4xa3
10.Qd2c1 Qa3a5
11.Qc1d2 Qa5c7
12.e3 Bf8e7
13.Bf1d3 Qc7d6
14.a4 Nf6e4
15.Bd3xe4 h6
16.Bg5h4 g5
17.Bh4g3 g4
18.Nf3g1 f5
19.Be4xf5 Rh8f8
20.Bf5g6 Qd6xg6
21.a5 Nd7f6
22.Bg3xe5 Nf6e4
23.Qd2d3 Ne4xf2
24.Qd3xg6 Rf8f7
25.Be5c7 Nf2xh1
26.Ra1d1 Be7h4
27.g3 Bc8f5
28.Qg6g8 Rf7f8
29.Qg8g7 Bh4f6
30.Qg7xh6 Bf6c3
31.Kf1 Bf5c2
32.Ke2 Bc2xd1
33.Kxd1 Nh1f2
34.Ke2 Kd7
35.Bc7b6 axb6
36.Qh6xb6 Ke8
37.Qb6e6 Kd8
38.Qe6d6 Kc8
39.Qd6xc5 Kd7
40.Qc5d5 Ke7
41.Qd5xb7 Kf6
42.Kxf2 Ke5
43.Ke2 Ra8xa5
44.Qb7e7 { resign }
1-0

[Event "Match"]
[Site "www.echecsemail.com"]
[Date "2015.10.07"]
[Round "1"]
[White "Pariolinius"]
[Black "Ericleo1980"]
[WhiteElo "1990"]
[BlackElo "2250"]
[Result "1-0"]
[Round "1"]
1.d4 d5
2.Ng1f3 Ng8f6
3.e3 Bc8g4
4.Bf1e2 Nb8d7
5.O-O e6
6.c3 Bf8d6
7.Nb1d2 c6
8.b3 O-O
9.Bc1b2 e5
10.dxe5 Nd7xe5
11.Nf3xe5 Bg4xe2
12.Qd1xe2 Bd6xe5
13.Nd2f3 Be5c7
14.Ra1d1 Qd8e7
15.c4 dxc4
16.Qe2xc4 Ra8d8
17.Nf3h4 Bc7e5
18.Nh4f5 Qe7c7
19.Bb2a3 Rd8xd1
20.Nf5e7 Kh8
21.Rf1xd1 Be5xh2
22.Kf1 Rf8e8
23.Qc4xf7 Bh2e5
24.f4 Be5c3
25.Ne7g6 { resign }
1-0

[Event "Match"]
[Site "www.echecsemail.com"]
[Date "2015.10.07"]
[Round "1"]
[White "Wwgia"]
[Black "Ericleo1980"]
[WhiteElo "2150"]
[BlackElo "2260"]
[Result "1-0"]
[Round "1"]
1.d4 d5
2.c4 c6
3.Nb1c3 Ng8f6
4.Ng1f3 e6
5.Bc1g5 Nb8d7
6.cxd5 exd5
7.e3 Bf8d6
8.Qd1c2 O-O
9.Bf1d3 h6
10.Bg5h4 Rf8e8
11.O-O Nd7f8
12.Ra1b1 Bc8g4
13.Nf3d2 Bg4h5
14.b4 a6
15.a4 Bh5g6
16.Bd3xg6 Nf8xg6
17.Bh4xf6 Qd8xf6
18.b5 axb5
19.axb5 Qf6h4
20.g3 Qh4h3
21.Nd2f3 { time. }
1-0

[Event "Match"]
[Site "www.echecsemail.com"]
[Date "2015.10.07"]
[Round "1"]
[White "Daviko"]
[Black "Carlosto"]
[WhiteElo "1049"]
[BlackElo "1560"]
[Result "0-1"]
[Round "1"]
1.c4 e6
2.e4 Ng8f6
3.d3 d5
4.Bc1g5 h6
5.Bg5f4 g5
6.Bf4e5 Bf8b4
7.Nb1c3 Nb8c6
8.Qd1f3 Nc6xe5
9.Qf3e3 d4
10.Qe3c1 dxc3
11.bxc3 Bb4a5
12.Qc1a3 b6
13.d4 Qd8d6
14.c5 Ne5c4
15.Bf1xc4 Qd6f4
16.cxb6 axb6
17.e5 Nf6e4
18.Qa3b2 Ne4xc3
19.Ra1c1 Nc3e4
20.Kf1 Qf4xf2
21.Qb2xf2 Ne4xf2
22.Kxf2 O-O
23.Ng1f3 Bc8d7
24.d5 Ba5c3
25.Rc1xc3 b5
26.Bc4b3 g4
27.Rc3xc7 Rf8d8
28.dxe6 Bd7xe6
29.Nf3d4 Rd8xd4
30.h3 Be6xb3
31.axb3 Rd4d3
32.hxg4 Ra8a2
33.Kg1 Kg7
34.Rc7c6 Rd3g3
35.Rh1xh6 Rg3xg2
36.Kh1 Rg2xg4
37.e6 Rg4e4
{ resign }
0-1

[Event "Tourn. n8395"]
[Site "www.chess-mail.com"]
[Date "2015.10.08"]
[Round "1"]
[White "Norlavuaram"]
[Black "Ffdd65"]
[WhiteElo "2100"]
[BlackElo "2240"]
[Result "0-1"]
[Round "1"]
1.e4 e5
2.Ng1f3 Nb8c6
3.Bf1b5 d6
4.h3 Bc8d7
5.O-O a6
6.Bb5a4 Ng8f6
7.Rf1e1 Bf8e7
8.c3 b5
9.Ba4b3 Nc6a5
10.Bb3c2 h6
11.d4 Na5c4
12.b3 Nc4b6
13.Nb1d2 exd4
14.cxd4 O-O
15.Nd2f1 Qd8c8
16.Nf1g3 d5
17.e5 Nf6h7
18.Qd1d3 g6
19.Bc1xh6 Rf8e8
20.h4 Bd7f5
21.Ng3xf5 gxf5
22.Qd3xf5 Qc8xf5
23.Bc2xf5 Be7f8
24.Bh6d2 f6
25.Ra1c1 Re8e7
26.Bd2b4 Re7g7
27.Bb4d2 Rg7e7
28.Bd2b4 Re7g7
29.Bf5e6 Kh8
30.Bb4d2 Ra8e8
31.Be6g4 Rg7xg4
{ resign }
0-1

[Event "Tourn. n8416"]
[Site "www.chess-mail.com"]
[Date "2015.10.08"]
[Round "1"]
[White "Norlavuaram"]
[Black "Mitja"]
[WhiteElo "2150"]
[BlackElo "2000"]
[Result "1-0"]
[Round "1"]
1.e4 d5
2.exd5 Qd8xd5
3.Nb1c3 Qd5d8
4.Ng1f3 e6
5.d4 c6
6.Bc1f4 h6
7.Bf1c4 Ng8f6
8.O-O Nb8d7
9.Rf1e1 Nd7b6
10.Bc4b3 Nf6d5
11.Bf4g3 Nd5xc3
12.bxc3 Nb6d5
13.c4 Nd5b6
14.d5 cxd5
15.cxd5 Bf8b4
16.Re1e4 Bb4e7
17.d6 Be7f6
18.Ra1b1 O-O
19.c4 Bc8d7
20.c5 Bd7c6
21.Re4e3 Nb6d5
22.Bb3xd5 Bc6xd5
23.Qd1a4 Bd5c6
24.Qa4c2 b6
25.cxb6 axb6
26.Qc2xc6 { resign }
1-0

[Event "Tourn. n8403"]
[Site "www.chess-mail.com"]
[Date "2015.10.08"]
[Round "1"]
[White "Mitja"]
[Black "Amaya"]
[WhiteElo "1960"]
[BlackElo "2020"]
[Result "1-0"]
[Round "1"]
1.d4 Ng8f6
2.e3 g6
3.Ng1f3 Bf8g7
4.c3 O-O
5.Bf1c4 d5
6.Bc4b3 Bc8g4
7.h3 Bg4xf3
8.Qd1xf3 e6
9.O-O Nf6e4
10.Nb1d2 f5
11.Nd2xe4 fxe4
12.Qf3e2 Nb8c6
13.Bb3c2 Nc6e7
14.f4 Ne7f5
15.Qe2g4 Qd8f6
16.Bc1d2 Nf5h6
17.Qg4e2 Nh6f5
18.Qe2f2 Qf6e7
19.Bc2b3 Bg7f6
20.g3 Nf5xg3
21.Qf2xg3 Bf6h4
22.Qg3g2 Rf8f5
23.Bd2e1 Bh4f6
24.Kf2 Bf6h4
25.Ke2 Bh4f6
26.Be1g3 Qe7d7
27.Kd2 Qd7b5
28.Qg2e2 Qb5a5
29.Rf1g1 Bf6e7
30.a3 c5
31.dxc5 Be7xc5
32.Bg3f2 Qa5b6
33.Kc2 Rf5xf4
34.exf4 Bc5xf2
35.Rg1g2 e3
36.Bb3a2 Qb6c6
37.Qe2f3 Ra8f8
38.Ra1d1 Qc6c7
39.Rd1d4 Rf8f5
40.Qf3g4 Kg7
41.h4 Rf5h5
42.Qg4xh5 { resign }
1-0

[Event "Tourn. n8369"]
[Site "www.chess-mail.com"]
[Date "2015.10.08"]
[Round "1"]
[White "Libiesse"]
[Black "Madz123456"]
[WhiteElo "2140"]
[BlackElo "2220"]
[Result "0-1"]
[Round "1"]
1.d4 Ng8f6
2.c4 e6
3.Ng1f3 d5
4.Nb1c3 Bf8b4
5.Bc1g5 dxc4
6.e3 b5
7.a3 Bb4xc3
8.bxc3 Bc8b7
9.Bf1e2 Nb8d7
10.Qd1b1 Ra8b8
11.O-O O-O
12.Rf1d1 h6
13.Bg5h4 g5
14.Bh4g3 Nf6e4
15.Qb1c2 Nd7b6
16.Nf3d2 Ne4xg3
17.hxg3 Qd8d6
18.Nd2e4 Bb7xe4
19.Qc2xe4 c5
20.dxc5 Qd6xc5
21.Rd1d4 Rf8d8
22.Be2h5 Rd8xd4
23.Bh5xf7 Kxf7
24.Qe4h7 Ke8
25.Qh7g8 Kd7
26.Qg8xb8 Rd4d3
27.Qb8xa7 Kc6
28.Qa7a5 Nb6a4
29.Qa5a8 Kd7
30.Qa8b7 Kd6
31.Qb7b8 Ke7
32.Ra1b1 Na4xc3
33.Qb8b7 Rd3d7
{ resign }
0-1

[Event "Tourn. n8406"]
[Site "www.chess-mail.com"]
[Date "2015.10.08"]
[Round "1"]
[White "Ruko"]
[Black "Bojan"]
[WhiteElo "1940"]
[BlackElo "1910"]
[Result "0-1"]
[Round "1"]
1.e4 e5
2.Ng1f3 Nb8c6
3.Bf1c4 h6
4.Nb1c3 d6
5.d3 Nc6a5
6.Bc4b3 Na5xb3
7.axb3 c6
8.Bc1e3 a6
9.O-O Ng8f6
10.Nc3a4 c5
11.Na4c3 Nf6h7
12.Nc3d5 Bc8e6
13.c4 Nh7f6
14.h3 Nf6h7
15.Qd1d2 Nh7f6
16.b4 b6
17.Ra1a2 Nf6xd5
18.cxd5 Be6d7
19.Nf3e1 Qd8f6
20.Ne1c2 Bf8e7
21.f4 exf4
22.Be3xf4 Qf6g6
23.Kh1 Qg6h5
24.Qd2f2 O-O
25.Qf2g3 Be7h4
26.Qg3e3 Bh4e7
27.bxc5 dxc5
28.Qe3f2 Ra8a7
29.e5 Bd7xh3
30.gxh3 Qh5xh3
31.Qf2h2 Qh3xd3
32.Nc2e3 c4
33.Qh2c2 Qd3xc2
34.Ne3xc2 Be7c5
35.Nc2e3 b5
36.Rf1a1 Rf8a8
37.d6 g5
38.Ne3d5 gxf4
39.Nd5c7 Ra8c8
40.Ra2xa6 Rc8xc7
41.dxc7 Ra7xc7
42.Ra6xh6 Rc7e7
43.b4 Bc5d4
44.Ra1e1 Kg7
45.Rh6h4 Bd4xe5
46.Rh4xf4 Be5xf4
47.Re1xe7 Bf4d6
48.Re7b7 Bd6xb4
49.Rb7xb5 Bb4d2
50.Rb5b2 c3
51.Rb2c2 Kf6
52.Kg2 Ke5
53.Kf3 f5
54.Ke2 Kf4
55.Rc2a2 Kg3
56.Ra2a4 f4
57.Ra4a1 Kg2
58.Ra1f1 Bd2e3
59.Rf1e1 c2
{ resign }
0-1

[Event "Tourn. n8330"]
[Site "www.chess-mail.com"]
[Date "2015.10.08"]
[Round "1"]
[White "Hundegana"]
[Black "Luban"]
[WhiteElo "2000"]
[BlackElo "2090"]
[Result "0-1"]
[Round "1"]
1.e4 c5
2.c4 e6
3.Ng1f3 g6
4.Nb1c3 Bf8g7
5.Bf1e2 Nb8c6
6.a3 Ng8e7
7.O-O d5
8.exd5 exd5
9.cxd5 Ne7xd5
10.Nc3xd5 Qd8xd5
11.Rf1e1 O-O
12.d3 Bc8e6
13.Qd1c2 Ra8c8
14.Bc1e3 Rf8d8
15.h3 Nc6a5
16.Ra1c1 Na5b3
17.Rc1b1 b5
18.Kh1 a6
19.Nf3g5 Be6f5
20.Be2f3 Qd5xd3
21.Qc2xd3 Bf5xd3
22.Bf3b7 Bd3xb1
23.Bb7xc8 Rd8xc8
24.Re1xb1 c4
25.Kg1 h6
26.Ng5f3 Rc8d8
27.g4 Kh7
28.Kg2 Bg7d4
29.Rb1d1 Bd4f6
30.Rd1xd8 Bf6xd8
31.Nf3e5 Kg7
32.Ne5c6 Bd8c7
33.Nc6b4 a5
34.Nb4d5 Bc7e5
35.Nd5c3 Be5xc3
36.bxc3 Nb3a1
37.Be3b6 a4
38.Bb6c5 Na1b3
39.Bc5d6 Nb3a5
40.Kf3 Kf6
41.h4 Na5c6
42.Ke4 Ke6
43.Bd6f8 h5
44.g5 Nc6e5
45.f4 Ne5d3
46.Kd4 Kf5
47.Bf8d6 Kg4
48.Kd5 Kxh4
49.Kc6 Kg4
50.Kxb5 Nd3b2
51.Kc5 h4
52.Kd4 h3
53.f5 gxf5
54.Ke3 Kxg5
55.Kf3 Nb2d3
56.Kg3 f4
57.Kxh3 f3
58.Kg3 f2
59.Kg2 Kf5
60.Bd6g3 Ke4
61.Kf1 Kf3
62.Bg3h4 f5
63.Bh4e7 Nd3f4
64.Be7c5 Nf4h3
65.Bc5d4 Ke4
66.Kg2 Kd3
67.Kf1 Kc2
68.Ke2 Kb3
69.Kf1 Kxa3
70.Bd4c5 Kb3
71.Bc5b4 a3
{ resign }
0-1

[Event "Tourn. n8345"]
[Site "www.chess-mail.com"]
[Date "2015.10.08"]
[Round "1"]
[White "Ffdd65"]
[Black "Panamski"]
[WhiteElo "2210"]
[BlackElo "2080"]
[Result "1/2-1/2"]
[Round "1"]
1.e4 e6
2.d4 d5
3.Nb1c3 dxe4
4.Nc3xe4 Nb8c6
5.Bc1e3 Ng8f6
6.Ne4xf6 Qd8xf6
7.Ng1f3 h6
8.c3 Bf8d6
9.g3 O-O
10.Bf1g2 Nc6e7
11.O-O Ne7f5
12.Qd1d2 c6
13.Be3f4 Bd6xf4
14.Qd2xf4 Nf5e7
15.Qf4xf6 gxf6
16.Nf3d2 f5
17.f4 Ne7d5
18.Bg2xd5 cxd5
19.Nd2f3 b6
20.Rf1e1 Kg7
21.Kg2 Bc8a6
22.Re1e3 Ra8c8
23.Ra1c1 Kf6
24.Nf3e5 Ke7
25.Kh3 Rf8g8
26.Kg2 Rg8e8
27.Kf2 Ba6b5
28.Rc1e1 Re8g8
29.Ne5f3 Kf6
30.Nf3e5 Bb5e8
31.Re1g1 a5
32.Re3e1 a4
33.a3 Be8b5
34.Re1c1 h5
35.h4 Rc8c7
36.Rg1e1 Rg8a8
37.Ke3 Ra8g8
38.Re1g1 Rc7c8
{ draw }
1/2-1/2

[Event "Tourn. n8388"]
[Site "www.chess-mail.com"]
[Date "2015.10.08"]
[Round "1"]
[White "Churrasca"]
[Black "Norlavuaram"]
[WhiteElo "2170"]
[BlackElo "2100"]
[Result "1-0"]
[Round "1"]
1.e4 e5
2.Ng1f3 Nb8c6
3.Bf1b5 Ng8f6
4.O-O d6
5.d4 exd4
6.Nf3xd4 Bc8d7
7.Nb1c3 Bf8e7
8.Bc1e3 O-O
9.Bb5e2 h6
10.a4 a6
11.Nd4xc6 Bd7xc6
12.f3 Nf6d7
13.Nc3d5 Be7f6
14.Nd5xf6 Nd7xf6
15.b4 Rf8e8
16.Be3d4 Qd8e7
17.b5 axb5
18.axb5 Bc6d7
19.Qd1d2 Ra8xa1
20.Rf1xa1 Bd7c8
21.Qd2c3 b6
22.Ra1a7 d5
23.Ra7xc7 Qe7e6
24.Rc7c6 Qe6d7
25.Rc6xb6 dxe4
26.Bd4xf6 gxf6
27.Rb6xf6 exf3
28.Be2xf3 Bc8b7
29.Rf6xh6 { resign }
1-0

[Event "Tourn. n8398"]
[Site "www.chess-mail.com"]
[Date "2015.10.08"]
[Round "1"]
[White "Luban"]
[Black "Umzi"]
[WhiteElo "2140"]
[BlackElo "2130"]
[Result "1/2-1/2"]
[Round "1"]
1.d4 d5
2.Ng1f3 Ng8f6
3.e3 e6
4.a3 c5
5.c4 cxd4
6.exd4 Bf8e7
7.Nb1c3 O-O
8.h3 a6
9.Bc1e3 dxc4
10.Bf1xc4 b5
11.Bc4d3 Bc8b7
12.O-O Nb8d7
13.b4 Ra8c8
14.Ra1c1 Nf6d5
15.Nc3xd5 Bb7xd5
16.Bd3e2 Nd7f6
17.Nf3e5 Rc8xc1
18.Qd1xc1 Nf6d7
19.Ne5c6 Bd5xc6
20.Qc1xc6 Nd7b8
21.Qc6c2 Qd8c8
22.Rf1c1 Qc8xc2
23.Rc1xc2 Be7d6
24.g3 f6
25.Kg2 Rf8d8
26.Kf3 Kf7
27.Be2d3 h6
28.Bd3e4 Ke7
29.g4 g5
30.Be4b7 Rd8d7
31.Bb7e4 { draw }
1/2-1/2

[Event "Tourn. n8415"]
[Site "www.chess-mail.com"]
[Date "2015.10.08"]
[Round "1"]
[White "Caspito"]
[Black "Bojan"]
[WhiteElo "1810"]
[BlackElo "1890"]
[Result "1-0"]
[Round "1"]
1.e4 e5
2.Ng1f3 Nb8c6
3.Bf1c4 d6
4.c3 Qd8f6
5.d4 Bc8g4
6.Nb1d2 exd4
7.Qd1b3 Nc6a5
8.Qb3b5 Na5c6
9.Qb5xb7 Kd7
10.Qb7xa8 Ng8e7
11.Nf3xd4 g6
12.Bc4b5 d5
13.Nd4xc6 Ne7xc6
14.Bb5xc6 Qf6xc6
15.Qa8xc6 Kxc6
16.exd5 Kxd5
17.Nd2f3 f6
18.Bc1e3 Bf8d6
19.O-O-O Kc6
20.Rh1e1 Bd6xh2
21.Be3xa7 Bh2d6
22.Nf3d4 Kb7
23.f3 Bg4d7
24.Nd4e6 Bd7xe6
25.Re1xe6 Kxa7
26.b4 f5
27.a4 g5
28.Kc2 g4
29.Kb3 h5
30.c4 gxf3
31.gxf3 h4
32.c5 Bd6g3
33.b5 h3
34.Re6a6 Kb8
35.b6 Kb7
36.Ra6a7 Kb8
37.c6 cxb6
38.Rd1d7 h2
39.Rd7b7 Kc8
40.Ra7a8 { resign }
1-0

[Event "Match"]
[Site "www.echecsemail.com"]
[Date "2015.10.08"]
[Round "1"]
[White "Enahou"]
[Black "Guidom"]
[WhiteElo "1809"]
[BlackElo "2140"]
[Result "0-1"]
[Round "1"]
1.Ng1f3 d5
2.c4 d4
3.g3 c5
4.Bf1g2 Nb8c6
5.O-O Ng8f6
6.d3 e5
7.Bc1g5 Bf8e7
8.Nb1d2 O-O
9.a3 Bc8g4
 { time }
0-1

[Event "Match"]
[Site "www.echecsemail.com"]
[Date "2015.10.08"]
[Round "1"]
[White "Emerchess"]
[Black "Tomcapp"]
[WhiteElo "1299"]
[BlackElo "1660"]
[Result "1-0"]
[Round "1"]
1.e4 e5
2.Ng1f3 Nb8c6
3.Bf1b5 Ng8f6
4.O-O Bf8c5
5.d3 a6
6.Bb5xc6 dxc6
7.Nf3xe5 Bc8e6
8.Bc1g5 Bc5e7
9.Ne5f3 Be6g4
10.Nb1d2 c5
11.Qd1e1 Bg4xf3
12.Nd2xf3 b5
13.Nf3e5 O-O
14.Ne5c6 Qd8d7
15.Nc6xe7 Qd7xe7
16.e5 c4
17.exf6 Qe7xe1
18.Rf1xe1 gxf6
19.Bg5xf6 cxd3
20.Re1e3 dxc2
21.Re3g3 
1-0

[Event "Match"]
[Site "www.echecsemail.com"]
[Date "2015.10.08"]
[Round "1"]
[White "Chtoubidou"]
[Black "Ericleo1980"]
[WhiteElo "1870"]
[BlackElo "1809"]
[Result "0-1"]
[Round "1"]
1.e4 c5
2.Nb1c3 d6
3.f4 Nb8c6
4.Ng1f3 g6
5.d3 Bf8g7
6.Bc1d2 Bc8g4
7.Bf1e2 e6
8.O-O Ng8e7
9.h3 Bg4xf3
10.Be2xf3 Nc6d4
11.Ra1b1 Ne7c6
12.Nc3e2 b5
13.c3 Nd4xf3
14.Rf1xf3 Qd8h4
15.Qd1e1 Qh4xe1
16.Bd2xe1 Bg7f6
17.g4 h6
18.Kg2 a5
19.h4 Ke7
20.f5 Nc6e5
21.Rf3e3 Ne5xg4
22.Re3g3 h5
23.Rg3f3 Ng4e5
24.Rf3e3 gxf5
25.exf5 Rh8g8
26.Kh3 Rg8g4
27.d4 Ne5c6
28.fxe6 cxd4
29.Ne2xd4 Nc6xd4
30.cxd4 Bf6xd4
31.Re3e2 fxe6
32.Rb1c1 Bd4c5
{ resign }
0-1

[Event "Match"]
[Site "www.echecsemail.com"]
[Date "2015.10.08"]
[Round "1"]
[White "Carlosto"]
[Black "Santifx"]
[WhiteElo "1560"]
[BlackElo "1679"]
[Result "0-1"]
[Round "1"]
1.e3 e6
2.d4 d5
3.Ng1f3 Bf8d6
4.Nb1c3 a6
5.Bf1d3 f5
6.O-O g5
7.g3 Nb8c6
8.h4 h6
9.a3 Ng8f6
10.b4 gxh4
11.Nf3xh4 Rh8g8
12.b5 Nc6a5
13.bxa6 Rg8g4
14.axb7 Bc8xb7
15.Nc3b5 Bd6xg3
16.fxg3 c6
17.Nb5c3 Bb7a6
18.Bd3xa6 Qd8b8
19.Ra1b1 Qb8xg3
{ resign }
0-1

[Event "Match"]
[Site "www.echecsemail.com"]
[Date "2015.10.08"]
[Round "1"]
[White "Carlosto"]
[Black "Anquiro"]
[WhiteElo "1560"]
[BlackElo "1139"]
[Result "1-0"]
[Round "1"]
1.e4 d6
2.d4 g5
3.Ng1f3 f6
4.Nb1c3 Bf8h6
5.Bf1c4 Bc8g4
6.h3 Bg4d7
7.O-O Nb8a6
8.Nc3b5 c6
9.Nb5c3 Qd8a5
10.Bc1d2 e6
11.Nc3d5 cxd5
12.exd5 exd5
13.Bd2xa5 dxc4
14.Qd1e2 Kf7
15.Rf1e1 Bd7f5
16.Qe2xc4 Kg7
17.Ba5c7 Ra8c8
18.Qc4d5 Bf5xc2
19.Qd5xb7 Rc8f8
20.Qb7xa6 { resign }
1-0

[Event "Match"]
[Site "www.echecsemail.com"]
[Date "2015.10.08"]
[Round "1"]
[White "Bojan"]
[Black "Carazo"]
[WhiteElo "1920"]
[BlackElo "1830"]
[Result "1-0"]
[Round "1"]
1.e4 e5
2.Ng1f3 Nb8c6
3.Bf1b5 Nc6d4
4.Nf3xd4 exd4
5.d3 Qd8e7
6.a3 c6
7.Bb5c4 d5
8.Bc4b3 dxe4
9.dxe4 Qe7xe4
10.Qd1e2 Qe4xe2
11.Kxe2 Ng8f6
12.h3 Bf8d6
13.Rh1e1 O-O
14.Nb1d2 Rf8e8
15.Kf1 Bc8e6
16.Bb3xe6 fxe6
17.Nd2f3 c5
18.Bc1g5 Nf6d5
19.Nf3d2 h6
20.Nd2c4 Bd6c7
21.Bg5d2 b5
22.Nc4e5 Bc7xe5
23.Re1xe5 c4
24.Bd2a5 Kf7
25.Ra1e1 Ra8c8
26.Re1e4 Nd5f6
27.Re4xd4 Nf6d5
28.Re5e2 Kg8
29.g3 Nd5f6
30.f3 Rc8c5
31.Ba5b4 Rc5f5
32.Kg2 e5
33.Rd4d6 Nf6h7
34.Rd6a6 Nh7f6
35.Ra6xa7 Rf5g5
36.Ra7b7 e4
37.f4 Rg5f5
38.Bb4c3 h5
39.Bc3e5 Re8f8
40.Rb7xb5 Nf6d7
41.Re2xe4 c3
42.b3 Nd7f6
43.Re4c4 Nf6e8
44.Rc4xc3 h4
45.g4 Rf5f7
46.Rc3d3 g5
47.f5 Kh7
48.Rb5b8 Kh6
49.Rd3d8 Kh7
50.Rd8xe8 Kg8
51.Re8xf8 Rf7xf8
52.Rb8xf8 { resign }
1-0

[Event "Eq:Clubul Central de Sah-Slap Shot Mates : "]
[Site "www.chess-mail.com"]
[Date "2015.10.08"]
[Round "1"]
[White "Rocadamica"]
[Black "Echo314"]
[WhiteElo "2690"]
[BlackElo "2750"]
[Result "1/2-1/2"]
[Round "1"]
1.d4 d5
2.c4 c6
3.Ng1f3 Ng8f6
4.Nb1c3 e6
5.e3 Nb8d7
6.Qd1c2 Bf8d6
7.b3 O-O
8.Bf1e2 b6
9.O-O Bc8b7
10.Rf1d1 Qd8e7
11.Bc1b2 Ra8c8
12.Ra1c1 Rf8e8
13.h3 h6
14.Qc2b1 Bd6b8
15.a4 c5
16.Bb2a3 Bb8d6
17.Nc3b5 Bd6b8
18.Nb5c3 Bb8d6
19.Nc3b5 Bd6b8
20.Nb5c3 Bb8d6

1/2-1/2

[Event "Eq:chibcha-Good team : "]
[Site "www.chess-mail.com"]
[Date "2015.10.08"]
[Round "1"]
[White "Jaroslavpech"]
[Black "Carazo"]
[WhiteElo "2320"]
[BlackElo "1830"]
[Result "1-0"]
[Round "1"]
1.e4 e5
2.Ng1f3 Nb8c6
3.Bf1c4 Bf8c5
4.c3 Ng8f6
5.d4 exd4
6.cxd4 Bc5b4
7.Bc1d2 Qd8e7
8.O-O O-O
9.e5 Nf6e8
10.Bd2g5 Ne8f6
11.exf6 gxf6
12.Bg5h6 Rf8d8
13.d5 Nc6e5
14.Nf3xe5 fxe5
15.Qd1g4 { resign }
1-0